Οι απαρχές της εκπαίδευσης στη Φθιώτιδα και Λοκρίδα (1833-1840/41)
Αποθηκεύτηκε σε:
| Κύριος συγγραφέας: | |
|---|---|
| Μορφή: | Βιβλίο |
| Γλώσσα: | Greek |
| Δημοσίευση: |
Λαμία :
[χ.ε.],
1999
|
| Θέματα: | |
| Ετικέτες: |
Προσθήκη ετικέτας
Δεν υπάρχουν, Καταχωρήστε ετικέτα πρώτοι!
|
MARC
| LEADER | 00000cam a2200000 i 4500 | ||
|---|---|---|---|
| 001 | 1/11341 | ||
| 008 | 000911s1999 gre d | ||
| 035 | |l 10063798 | ||
| 040 | |a GR-MY-UA |b gre |e aacr | ||
| 041 | 0 | |a gre | |
| 082 | 0 | |a 370.9495 | |
| 100 | 1 | |a Αντωνίου, Δαυΐδ. | |
| 245 | 1 | 3 | |a Οι απαρχές της εκπαίδευσης στη Φθιώτιδα και Λοκρίδα |h [ανάτυπο] : |b (1833-1840/41) / |c Δαυίδ Αντωνίου. |
| 260 | |a Λαμία : |b [χ.ε.], |c 1999 | ||
| 300 | |a 5-40 σ. ; |c 24 εκ. | ||
| 500 | |a Από το περιοδικό "Φθιωτικά Χρονικά", τ.20. | ||
| 650 | 0 | |a Education |z Greece |z Phthiotis |x History. | |
| 650 | 0 | |a Education |z Greece |z Lokrida |x History. | |
| 852 | |a INST |b RHODES |e 20000911 |h 370.9495 ΑΝΤ |p 005400013574 |q 005400013574 |t BK |y 0 | ||
| 901 | |a BIBL4-2000-2 | ||
| 922 | |a 4ΕΛΗ |b 200004 | ||
| 970 | |a ΚΟΥΛΑΚΙΟΤΗ |b ΛΙΤΣΑ |z 2001/03/20 | ||